| 000 | 00844nam a2200241 i 4500 | ||
|---|---|---|---|
| 001 | 38222 | ||
| 003 | ES-MaACL | ||
| 005 | 20250730063057.0 | ||
| 007 | t| | ||
| 008 | 030225s1954 sp ||||1| spa d | ||
| 080 | _a94(44)"1789/99" | ||
| 100 | 0 |
_aBurke, Edmund, _d1729-1797 _932698 |
|
| 245 | 1 | 0 |
_aReflexiones sobre la Revolución francesa / _cEdmund Burke ; traducción de Enrique Tierno Galván. |
| 260 |
_aMadrid : _bInstituto de Estudios Políticos, _c1954 ( _fBenzal) |
||
| 300 |
_a588 p. ; _c19 cm. |
||
| 490 | 1 | _aColección civitas | |
| 651 | 4 |
_aFrancia- _xHistoria- _y1789-1799, Revolución _9241176 |
|
| 700 | 1 |
_aTierno Galván, Enrique, _d1918-1986 _9110235 |
|
| 710 | 2 |
_aInstituto de Estudios Políticos (Madrid) _94924 |
|
| 830 | 1 |
_aColección civitas _9181171 |
|
| 852 | 4 |
_aES-MaACL _jC-6893 |
|
| 999 |
_c38222 _d38222 |
||